| 000 | 00342nam a2200145Ia 4500 | ||
|---|---|---|---|
| 005 | 20251222141944.0 | ||
| 008 | 251222s9999||||xx |||||||||||||| ||spa|| | ||
| 020 | _a8449701023 | ||
| 082 | _a616.462.005/S17 | ||
| 100 | _aSalgado, Antonio | ||
| 245 | 0 | _aDiabetología: | |
| 250 | _a1ra. ed. | ||
| 264 | _bRubes Editorial, S. L. | ||
| 942 | _cLIB | ||
| 999 |
_c9459 _d9459 |
||